[Event "KEN-ch"]
[Site "Nairobi"]
[Date "2021.12.26"]
[Round "2"]
[White "Gisore, Daniel"]
[Black "Kagiri, Martin"]
[Result "1/2-1/2"]
[WhiteElo "1777"]
[BlackElo "1477"]
[PlyCount "50"]
[EventDate "2021.12.26"]
[EventType "swiss"]
[EventRounds "9"]
[EventCountry "KEN"]
[SourceTitle "EXT 2023"]
[Source "ChessBase"]
[SourceDate "2022.10.05"]
[SourceVersion "1"]
[SourceVersionDate "2022.10.05"]
[SourceQuality "1"]

1. e4 e5 2. Nf3 Nf6 3. d4 Nxe4 4. Bd3 d5 5. dxe5 Be7 6. Nc3 Nxc3 7. bxc3 Be6 8. 0-0 c5 9. Bf4 0-0 10. Qd2 c4 11. Be2 Nd7 12. Nd4 a6 13. Rab1 Nc5 14. Bf3 Qa5 15. Be3 Rab8 16. Nxe6 fxe6 17. Bd4 Qd8 18. Bg4 Qe8 19. Rb6 Qg6 20. Qe2 Rf4 21. Bh5 Re4 22. Qd1 Qg5 23. Bf3 Nd7 24. Rb1 Rxe5 25. Bxe5 Nxe5 1/2-1/2